| 000 | nam a22 a 4500 | ||
|---|---|---|---|
| 999 |
_c932 _d932 |
||
| 005 | 20170508094105.0 | ||
| 008 | 170508s1998 my ||||| |||| 00| 0 may d | ||
| 020 |
_a9838100048 _cRM11.00 |
||
| 040 | _aAKMAL | ||
| 082 |
_221 _a297.61 ABD |
||
| 090 |
_a297.61 _bABD |
||
| 100 |
_aAbd. Ghani Said _91984 |
||
| 245 |
_a7 wali Melayu / _cAbdul GHani Said |
||
| 260 |
_aKuala Lumpur _bMahbook Publication _c1998 |
||
| 300 |
_avi, 166ms. _bil. _c21cm |
||
| 500 | _aMengandungi indeks | ||
| 504 | _aBibliografi: ms. 155 - 156 | ||
| 650 |
_aUlama _91985 |
||
| 650 |
_aUlama _xBiography _zMalaysia _91986 |
||
| 942 |
_2ddc _cBOOK |
||